000 01502nam a2200409 i 4500
001 ELB42196
003 FlNmELB
006 m o d |
007 cr cnu||||||||
008 170313s2014 sp a ob 000 0 spa d
020 _z9788415340997
020 _a9781512934700 (e book)
035 _a(MiAaPQ)EBC4794851
035 _a(Au-PeEL)EBL4794851
035 _a(CaPaEBR)ebr11335482
035 _a(OCoLC)992057578
040 _aFINmELB
_bspa
_erda
_cFINmELB
050 4 _aRC731
_bP723 2014
080 _a616.24
082 0 _a616.2
_223
100 1 _aPlaza, Vicente.
245 1 3 _aLa neumología que viene II /
_cVicente Plaza.
264 1 _aBarcelona :
_bMarge Medica Books,
_c2014.
300 _a1 recurso en línea (173 páginas) :
_bilustraciones
336 _atexto
_btxt
_2rdacontent/spa
337 _acomputadora
_bc
_2rdamedia/spa
338 _arecurso en línea
_bcr
_2rdacarrier/spa
504 _aContiene referencias bibliográficas.
588 _aDescripción basada en recurso en línea; Título de la página del título en PDF (e-libro, visto March 13, 2017).
590 _aRecurso electronico. Santa Fe, Arg. : e-libro, 2016. Disponible via World Wide Web. El acceso puede ser limitado para las bibliotecas afiliadas a e-libro.
650 0 _aRespiratory organs
_xDiseases.
650 4 _aAparato respiratorio.
650 4 _aEnfermedad.
655 4 _aLibros electrónicos.
797 2 _ae-libro, Corp.
856 4 0 _uhttps://elibro.net/ereader/usam/42196
999 _c155311
_d155311